Gemeinden im Landkreis Emmendingen - Statistiken

Allgemein
  • Dieses Quiz wurde 65 mal gespielt
  • Das Durchschnittsergebnis liegt bei 16 aus 24
Antwortstatistiken
% Korrekt
Endingen am Kaiserstuhl
97%
Teningen
91%
Kenzingen
88%
Denzlingen
85%
Emmendingen
85%
Waldkirch
85%
Sexau
82%
Freiamt
79%
Herbolzheim
79%
Riegel am Kaiserstuhl
79%
Wyhl am Kaiserstuhl
79%
Reute
74%
Malterdingen
68%
Bahlingen am Kaiserstuhl
65%
Weisweil
65%
Elzach
59%
Simonswald
59%
Vörstetten
59%
Winden im Elztal
50%
Forchheim
41%
Sasbach am Kaiserstuhl
41%
Gutach im Breisgau
38%
Rheinhausen
35%
Biederbach
29%
Keine übereinstimmenden Quizze gefunden
Verteilung der Resultate
Anzahl Personen mit jedem Resultat
Perzentil nach korrekt beantworteten Fragen
Ihre Resultats-Entwicklung
Sie haben dieses Quiz noch nicht gespielt